书目信息 |
| 题名: |
创新的法则
|
|
| 作者: | 弗莱伯格 , 弗莱伯格 , 道斯顿 , 弗莱伯格 著 ;王岑卉 译 | |
| 分册: | ||
| 出版信息: | 北京 北京联合出版公司 2013 |
|
| 页数: | 10,281页 | |
| 开本: | 24cm | |
| 丛书名: | ||
| 单 册: | ||
| 中图分类: | F435.164 | |
| 科图分类: | ||
| 主题词: | 汽车工业--工业企业管理--经验--印度 , 汽车工业 , 工业企业管理 | |
| 电子资源: | ||
| ISBN: | 978-7-5502-0980-0 | |
| 000 | 01532nam0 2200337 450 | |
| 001 | 140587 | |
| 005 | 20140928172440.43 | |
| 010 | @a978-7-5502-0980-0@dCNY 39.80 | |
| 100 | @a20130708d2013 em y0chiy50 ea | |
| 101 | 1 | @achi@ceng |
| 102 | @aCN@b110000 | |
| 105 | @aa z 000yy | |
| 200 | 1 | @a创新的法则@Achuang xin de fa ze@b专著@e塔塔打造平民汽车的启示@f(美)弗莱伯格,(美)杰基·弗莱伯格,(美)戴恩·道斯顿著@F(mei)fu lai bo ge,(mei)jie ji·fu lai bo ge,(mei)dai en·dao si dun zhu@g王岑卉译 |
| 210 | @a北京@c北京联合出版公司@d2013 | |
| 215 | @a10,281页@c图,照片@d24cm | |
| 300 | @a黑天鹅图书 经管馆 创新坊 | |
| 312 | @a版权页英文题名:Nanovation: how a little car can teach the world to think big and act bold | |
| 330 | @a本书讲述了塔塔集团创造性地设计和生产了小汽车Nano,解决了一直困扰印度人民的出行难题,而改变了印度人生活的事,也交代了塔塔集团的创新理念、营销方式和独特的文化。 | |
| 510 | 1 | @aNanovation: how a little car can teach the world to think big and act bold@zeng |
| 517 | 1 | @a塔塔打造平民汽车的启示@Ata ta da zao ping min qi che de qi shi |
| 606 | 0 | @a汽车工业@x工业企业管理@x经验@y印度 |
| 606 | 0 | @a汽车工业 |
| 606 | 0 | @a工业企业管理 |
| 690 | @aF435.164@v5 | |
| 701 | 0 | @c(美)@a弗莱伯格@Afu lai bo ge@c(Freiberg, Kevin)@4著 |
| 701 | 0 | @c(美)@a弗莱伯格@Afu lai bo ge@c(Freiberg, Jackie)@4著 |
| 701 | 0 | @c(美)@a道斯顿@Adao si dun@c(Dunston, Dain)@4著 |
| 701 | 0 | @a弗莱伯格@Afu lai bo ge@4著 |
| 702 | 0 | @a王岑卉@Awang cen hui@4译 |
| 801 | 0 | @c20140928 |
| 905 | @a241430@dF435.164@eF590 | |
| 创新的法则:塔塔打造平民汽车的启示/(美)弗莱伯格,(美)杰基·弗莱伯格,(美)戴恩·道斯顿著/王岑卉译.-北京:北京联合出版公司,2013 |
| 10,281页:图,照片;24cm |
| 黑天鹅图书 经管馆 创新坊 |
| ISBN 978-7-5502-0980-0:CNY 39.80 |
| 本书讲述了塔塔集团创造性地设计和生产了小汽车Nano,解决了一直困扰印度人民的出行难题,而改变了印度人生活的事,也交代了塔塔集团的创新理念、营销方式和独特的文化。 |
| ● |
| 相关链接 |
|
|
|
正题名:创新的法则
索取号:F435.164/F590
 
预约/预借
| 序号 | 登录号 | 条形码 | 馆藏地/架位号 | 状态 | 备注 |
| 1 | 0835609 | 208356090 | 社科库409/409社科库 37排2列5层/ [索取号:F435.164/F590] | 在馆 | |
| 2 | 0835610 | 208356107 | 社科二线422/422社科库 47排3列3层/ [索取号:F435.164/F590] | 在馆 | |
| 3 | 0835611 | 208356116 | 社科库409/409社科库 37排2列5层/ [索取号:F435.164/F590] | 在馆 |